000 00318nam a2200145Ia 4500
008 191201s2011 xx 000 0 und d
082 _a658.15
_bMUM
100 _aGUPTA, G.S
245 0 _aManagerial Economics
250 _a2nd
260 _aN. Delhi
_bTMH
_c2011
300 _a431
650 _aBBA
942 _2ddc
_cBK
999 _c4888
_d4888